Loading...
| History - US | 2 | 6 | 1 | 1 | 85 | 48 | 94.88 | 5 | 8 | 0.00 | 0.00 |
| History - World | 2 | 5 | 1 | 2 | 75 | 65 | 113.14 | 3 | 4 | 0.00 | 0.00 |
| Beliefs | 0 | 7 | 0 | 2 | 70 | 96 | 134.00 | 1 | 4 | 0.00 | 0.00 |
| Fine Arts - Other | 3 | 2 | 0 | 0 | 65 | 27 | 72.00 | 2 | 2 | 0.00 | 0.00 |
| Social Science | 2 | 3 | 0 | 1 | 60 | 14 | 104.20 | 0 | 3 | 0.00 | 0.00 |
| History - Other | 0 | 5 | 1 | 3 | 45 | 75 | 112.00 | 2 | 2 | 0.00 | 0.00 |
| History - European | 0 | 4 | 0 | 2 | 40 | 117 | 134.25 | 1 | 1 | 0.00 | 0.00 |
| Fine Arts - Classical Music and Opera | 1 | 3 | 2 | 0 | 35 | 53 | 115.75 | 2 | 3 | 0.00 | 0.00 |
| Literature - World | 1 | 2 | 0 | 0 | 35 | 58 | 87.00 | 2 | 3 | 0.00 | 0.00 |
| Fine Arts - Visual | 1 | 2 | 1 | 0 | 30 | 66 | 101.33 | 2 | 3 | 0.00 | 0.00 |
| Literature - British | 0 | 3 | 1 | 1 | 25 | 125 | 153.00 | 1 | 1 | 0.00 | 0.00 |
| Literature - European | 1 | 1 | 0 | 0 | 25 | 56 | 79.50 | 1 | 2 | 0.00 | 0.00 |
| Other Academic | 0 | 2 | 0 | 0 | 20 | 102 | 103.50 | 1 | 2 | 0.00 | 0.00 |
| Geography | 0 | 2 | 0 | 1 | 20 | 120 | 127.00 | 1 | 2 | 0.00 | 0.00 |
| Philosophy | 1 | 0 | 0 | 0 | 15 | 57 | 57.00 | 0 | 1 | 0.00 | 0.00 |
| Modern World | 1 | 0 | 0 | 0 | 15 | 90 | 90.00 | 0 | 1 | 0.00 | 0.00 |
| Literature - American | 0 | 1 | 0 | 0 | 10 | 143 | 143.00 | 0 | 0 | 0.00 | 0.00 |
| Science - Chemistry | 0 | 1 | 0 | 0 | 10 | 129 | 129.00 | 0 | 0 | 0.00 | 0.00 |
| Science - Physics | 0 | 1 | 0 | 0 | 10 | 108 | 108.00 | 0 | 1 | 0.00 | 0.00 |